Maharashtra (Record no. 240853)

MARC details
000 -LEADER
fixed length control field 00257pam a2200121 a 4500
020 ## - INTERNATIONAL STANDARD BOOK NUMBER
Terms of availability
041 ## - LANGUAGE CODE
Language code of original
082 ## - DEWEY DECIMAL CLASSIFICATION NUMBER
Classification number 708
Item number DAS
245 ## - TITLE STATEMENT
Title Maharashtra
Medium Textual Documents
260 ## - PUBLICATION, DISTRIBUTION, ETC.
Place of publication, distribution, etc. [s.l]:
Name of publisher, distributor, etc. Vadhera Art Gallery
300 ## - PHYSICAL DESCRIPTION
Extent 30:
Other physical details paper.
930 ## - EQUIVALENCE OR CROSS-REFERENCE-UNIFORM TITLE HEADING [LOCAL, CANADA]
Uniform title 7063
Holdings
Withdrawn status Lost status Damaged status Not for loan Collection Home library Current library Date acquired Source of acquisition Total Checkouts Full call number Barcode Date last seen Copy number Price effective from Koha item type
          College of Fine Arts, Pune College of Fine Arts, Pune 10/12/2015 Bhararti Sahakari Grahak Bhandar   708 DAS FAP-7503 07/03/2023 1 07/03/2023 Book